00784nam a22002777a 45000010005000000030009000050050017000140070005000310080034000360200015000700400022000850410008001072450054001152600056001693000034002255000037002595000021002965000021003175000021003385040025003597000022003847000019004067000023004257000032004487000026004800160DO-SdBNP20160310145941.00160151005b 200 1997 xxu 00| 0 spa d a0153020393 aBPMSUbspacBPMSU aeng10aLiving in our word /cRichard G. Boehm...[et.al]  aEstados Unidos :bHarcourt brace & company, c1997. a343 p. :bil., retrs.c29 cm. aIncluye diccionario geográfico aIncluye glosario aIncluye glosario aIncluye índice aBibliografía p: 5912aBoehm, Richard G.12aHoone, Claudia12aMcGowan, Thomas M.12aMcKinney-Browning, Mabel C.12aMiramontes, Ofelia B.